00529nam a2200193 a 4500001001300000003000900013005001700022008004100039020002300080082001600103100002100119245002300140260003300163300000800196500003500204505004800239650002700287700002100314nice12345678IN_TiNIC20260116014953.0050524s1980 u sa grp 000 0 eng  a0800662 c10000a248.22bMOL aMoltmann, Jurgen aExperiences of God aU S abFortress Press c1980 a83p aincludes index and biblioraphy2 aIndex to Biblical References, General Index aMysticism-Christianity1 aMoltmann, Jurgen